La gramatica /
Guardado en:
| Autor Principal: | |
|---|---|
| Formato: | Libro |
| Publicado: |
Buenos Aires :
Eudeba,
1964
|
| Materias: | |
| Etiquetas: |
Agregar Etiqueta
Sin Etiquetas, Sea el primero en etiquetar este registro!
|
| LEADER | 00583nam a22002055a 4500 | ||
|---|---|---|---|
| 001 | EHU.bham028921 | ||
| 003 | AR-BHAM | ||
| 005 | 20060928184256.0 | ||
| 008 | 130507s1964##################000#0#####d | ||
| 082 | 4 | 4 | |a 445 |
| 100 | 1 | |a Guiraud, Pierre | |
| 245 | 1 | 0 | |a La gramatica / |c Pierre Guiraud |
| 260 | |a Buenos Aires : |b Eudeba, |c 1964 | ||
| 300 | |a 119 p. | ||
| 500 | |a Cuadernos de Eudeba ; 13 | ||
| 653 | |a Gramatica | ||
| 653 | |a Gramatica-estudios de la | ||
| 653 | |a Gramatica-teoria de la | ||
| 653 | |a Gramatica normativa | ||
| 859 | |a AR-BHAM |b BIB. HUMANIDADES - General |h 445 |i G948 |p 134.06 |t Ej.1 | ||
